000 00519nam a2200205Ia 4500
003 0100
008 130303s9999 xx 000 0 und d
040 _cARRUPELIB
050 _aHD1538.M6B692000
100 _aBowen, Merle L
245 4 _aThe state against the paesantry
245 _brural struggles in colonial and postcolonial Mozambique
260 _aCharlottesville
260 _bVirginia U.P.
260 _C2000
300 _axiv
300 _b 256p. 24cm.
700 _aMerle L. Bowen
942 0 0 _01
999 _c10611
_d10611